The lotterys plus one /

Saved in:
Bibliografiske detaljer
Hovedforfatter: Donoghue, Emma
Andre forfattere: Hadilaksono, Caroline (Illustrator)
Format: Bog
Sprog:engelsk
Udgivet: London : Macmillan, 2017
Tags: Tilføj Tag
Ingen Tags, Vær først til at tagge denne postø!

MARC

LEADER 00000nam a22000007i 4500
001 IT\ICCU\RAV\2085840
003 ItRI
005 20260115232012.0
008 181219s2017 xxk|||||| ||||| |||||c
020 |a 9781509803194 
040 |b ita  |c importazione bologna sebina 
041 7 |a eng  |2 ISO-639-2 
100 1 |a Donoghue, Emma  |0 IT\ICCU\UBOV\105594 
245 1 4 |a The lotterys plus one /  |c Emma Donoghue ; illustrated by Caroline Hadilaksono. 
260 |a London :  |b Macmillan,  |c 2017 
300 |a 299 p. ;  |c 21 cm. 
700 1 |a Hadilaksono, Caroline  |0 IT\ICCU\RAVV\691051  |4 ill 
942 |2 ddc  |c BK  |n 0 
952 |0 0  |1 0  |4 0  |6 R_823_920000000000000_DON  |7 0  |9 18705  |a BO  |b BO  |d 2026-01-15  |i 19090  |l 0  |o R 823.92 DON  |p BO19090  |r 2026-01-15 23:20:12  |w 2026-01-15  |x [Sebina 5] [1 v.]  |y BK  |z 1 v. 
999 |c 15868  |d 15868